| 000 | 00978nam a22003017a 4500 | ||
|---|---|---|---|
| 001 | 200461334 | ||
| 003 | TR-AnTOB | ||
| 005 | 20241115172403.0 | ||
| 008 | 240627b tu ||||| |||| 00| 0 tur d | ||
| 020 | _a9786254160141 | ||
| 040 |
_aTR-AnTOB _beng _erda _cTR-AnTOB |
||
| 041 | _atur | ||
| 092 |
_a828.3354 _bRIO 2022 |
||
| 100 |
_aRiordan, Rick _eauthor. _9145892 |
||
| 245 |
_aPercy Jackson ve Olimposlular : _blabirent savaşı/ _cRick Riordan ; çev. ; Kadir Yiğit Us. |
||
| 250 | _a59. bs. | ||
| 260 |
_aİstanbul : _bDoğan Çocuk, _c2022. |
||
| 300 |
_a365 Pages. : _c20 cm. |
||
| 336 |
_atext _btxt _2rdacontent |
||
| 337 |
_aunmediated _bn _2rdamedia |
||
| 338 |
_avolume _bnc _2rdacarrier |
||
| 500 | _a Eserin özgün adı: Percy Jackson & The Olympians: The Battle of the labyrinth. | ||
| 653 | _aAmerikan Edebiyatı | ||
| 700 | 1 |
_aUs, Kadir Yiğit _etranslator. _9128349 |
|
| 942 |
_2ddc _cBK |
||
| 999 |
_c200461334 _d79546 |
||